Econometría (Registro nro. 5090)

Detalles MARC
000 -LEADER
fixed length control field 01696 a2200253 4500
001 - CONTROL NUMBER
control field 53107
005 - DATE AND TIME OF LATEST TRANSACTION
control field 20260407155805.0
008 - FIXED-LENGTH DATA ELEMENTS--GENERAL INFORMATION
fixed length control field 260407a2005 arg spa d
003 - CONTROL NUMBER IDENTIFIER
control field AR-UNSa-BCEJYS
040 ## - CATALOGING SOURCE
Original cataloging agency AR-UNSa-BCEJYS
Language of cataloging spa
Transcribing agency AR-UNSa-BCEJYS
080 ## - UNIVERSAL DECIMAL CLASSIFICATION NUMBER
Universal Decimal Classification number 330.43
Common auxiliary subdivision Econometría
020 ## - INTERNATIONAL STANDARD BOOK NUMBER
International Standard Book Number 970-10-5091-6
041 ## - LANGUAGE CODE
Language code of text/sound track or separate title spa
100 1# - MAIN ENTRY--PERSONAL NAME
Personal name Schmidt, Stephen J.
245 10 - TITLE STATEMENT
Title Econometría
264 #1 - PRODUCTION, PUBLICATION, DISTRIBUTION, MANUFACTURE, AND COPYRIGHT NOTICE
Place of production, publication, distribution, manufacture México :
Name of producer, publisher, distributor, manufacturer McGraw-Hill/Interamericana
Date of production, publication, distribution, manufacture, or copyright notice 2005
300 ## - PHYSICAL DESCRIPTION
Extent xv, 444 p.
Dimensions 23 cm.
505 ## - FORMATTED CONTENTS NOTE
Formatted contents note I. Introducción a la econometría: 1. Conceptos de econometría - 2. Realización de un proyecto de econometría - II. Probabilidad y estadística: 3. Variables aleatorias - 4. Estimación - 5. Prueba de hipótesis - III. Regresión de mínimos cuadrados: 6. Mínimos cuadrados ordinarios - 7. Propiedades de los estimadores de mínimos cuadrados - 8. Regresión multivariada - IV. Especificaión del modelos econométrico: 9. Selección de una forma funcional - 10. Determinación de la especificación econométrica - 11. Modelos con cambios estructurales - V. Extensiones de la regresión de mínimos cuadrados: 12. Autocorrelación - 13. Heteroscedasticidad - 14. Variables endógenas del lado derecho - VI. Temas avanzados: 15. Ecuaciones simultáneas - 16. Pronósticos - 17. Variables económicas como procesos - 18. Modelos no lineales - 19. Variables ficticias dependientes - 20. Variables dependientes cualitativas y limitadas
590 ## - LOCAL NOTE (RLIN)
Local note niveau_biblio:m niveau_hierar:0
700 1# - ADDED ENTRY--PERSONAL NAME
Personal name Pecina Hernández, José C.
700 1# - ADDED ENTRY--PERSONAL NAME
Personal name Pineda Ayala, Leticia Esther
856 41 - ELECTRONIC LOCATION AND ACCESS
Uniform Resource Identifier <a href="https://biblioeco.unsa.edu.ar/pmb/images/libros/L128514.jpg">https://biblioeco.unsa.edu.ar/pmb/images/libros/L128514.jpg</a>
Link text Imagen de portada
Electronic format type image/jpeg
942 ## - ADDED ENTRY ELEMENTS (KOHA)
Koha item type
Existencias
Withdrawn status Lost status Damaged status Not for loan Home library Current library Shelving location Date acquired Total checkouts Full call number Barcode Date last seen Price effective from Koha item type
        Biblioteca Prof. Eusebio Cleto del Rey Biblioteca Prof. Eusebio Cleto del Rey   07/04/2026   330.43 S348 L128514 07/04/2026 07/04/2026 Libro